000 00867nam a22002297a 4500
999 _c9415
_d9415
003 AR-CdUCM
008 190328b ||||| |||| 00| 0 spa d
040 _aMUNICIPALIDAD PROVINCIAL DEL CUSCO
_cBIBLIOTECA MUNICIPAL DEL CUSCO
041 _hpor
082 _a150 /
_bS72 / 1944
100 _aSousa Ferraz, Joâo De
_98920
245 _aLos fundamentos de la psicología /
260 _aBuenos Aires :
_bAmericalee,
_c1944.
300 _a204 páginas ;
_c19 cm.
505 _aContenido: El hombre primitivo -- Psicología de los pueblos antiguos -- La psicología en Grecia -- Eclecticismo psicológico -- La psicología en los últimos siglos -- La psicología científica ...
650 _aPsicología
_91538
650 _aPersonalidad
_9925
650 _aMemoria
_91763
700 _aSteinhart, J. W. (traductor)
_925588
942 _2ddc
_cLIBROS
945 _aacv